000 01104nam a22002537a 4500
003 0
005 20251105145334.0
008 251105b xxu||||| |||| 00| 0 eng d
020 _a978-0-544-65649-9
050 _aPQ 2637.A274
_b.Sa132 2015
100 _aSaint-Exupéry, Antoine de,
_d1900–1944,
_eauthor,
_eillustrator.
245 _aThe little prince /
_cAntoine de Saint-Exupéry ; illustrated by the author ; translated from the French by Richard Howard.
250 _aDeluxe pop-up book edition.
260 _aBoston :
_bHoughton Mifflin Harcourt,
_c2015.
300 _a61 pages :
_bcolor illustrations ;
_c26 cm.
500 _aUnabridged text; originally published in French as *Le Petit Prince* in 1943. Pop-up illustrations with foldouts.
520 _aA pilot stranded in the desert meets a young prince from another planet who tells of his adventures and his search for the meaning of life.
546 _aTranslated from the French.
650 _aAllegories.
650 _aPrinces
_vFiction.
650 _aAir Pilots
_vFiction.
650 _aFriendship
_vFiction.
942 _2lcc
_cBK
999 _c368470
_d368470